[Event "Airthings Masters Div 3 W"]
[Site "chess.com INT"]
[Date "2023.02.07"]
[Round "4.2"]
[White "Lenderman, Aleksandr"]
[Black "Praggnanandhaa, R"]
[Result "1/2-1/2"]
[WhiteTitle "GM"]
[BlackTitle "GM"]
[WhiteElo "2572"]
[BlackElo "2690"]
[WhiteFideId "2021285"]
[BlackFideId "25059530"]
[EventDate "2023.02.06"]

1. d4 Nf6 2. c4 e6 3. g3 d5 4. Bg2 dxc4 5. Nf3 Bd7 6. Ne5 Bc6 7. Nxc6 Nxc6 8.
O-O Qd7 9. e3 Rd8 10. Qe2 e5 11. Qxc4 exd4 12. Qb5 Rb8 13. exd4 Nxd4 14. Qxd7+
Nxd7 15. Nc3 Bd6 16. Re1+ Ne6 17. Be3 Bc5 18. Nd5 O-O 19. Bh3 c6 20. Bxe6 fxe6
21. Nf4 Rbe8 22. Rad1 e5 23. Rxd7 exf4 24. gxf4 Rf7 25. Rxf7 Kxf7 26. Kf1 Bb4
27. Rd1 a6 28. Rd7+ Re7 29. Rd8 Ba5 30. Rb8 Rd7 31. Ke2 Bd8 32. Kf3 Kg6 33. Kg4
Kf6 34. Kf3 Kf5 35. b3 Be7 36. h3 Bd6 37. Rh8 g6 38. Rc8 Rf7 39. Re8 Rf8 40. Re4
Rd8 41. Bb6 Rd7 42. Re8 Be7 43. Be3 Ke6 44. Rb8 Bd6 45. Re8+ Re7 46. Rd8 Bc7 47.
Rf8 Rf7 48. Re8+ Kd5 49. Re4 c5 50. Rc4 Bd6 51. Rc2 b5 52. Rd2+ Kc6 53. Rc2 a5
54. Ke4 Rf5 55. a4 b4 56. Rc1 Rh5 57. Rh1 Rh4 58. Kf3 Rh5 59. Ke4 Bc7 60. Rc1
Bb8 61. Bd4 Bd6 62. Be3 Rxh3 63. f5 Rh5 64. fxg6 hxg6 65. Rg1 Re5+ 66. Kd3 Re6
67. Kc4 Be7 68. Rg4 Bf8 69. Rg1 Bd6 70. Rg4 Be7 71. Rg1 Bf8 72. Rg4 Bd6 73. Rg1
Be7 74. Rg4 g5 75. Bxg5 Bxg5 76. Rxg5 Re4+ 77. Kd3 Rd4+ 78. Ke3 Rd1 79. Rg6+ Kd5
80. Rg5+ Kd6 81. Rg6+ Kd5 82. Rg5+ Kd6 83. Rg6+ Kd5 1/2-1/2

[Event "Airthings Masters Div 3 W"]
[Site "chess.com INT"]
[Date "2023.02.07"]
[Round "4.3"]
[White "Lenderman, Aleksandr"]
[Black "Praggnanandhaa, R"]
[Result "0-1"]
[WhiteTitle "GM"]
[BlackTitle "GM"]
[WhiteElo "2572"]
[BlackElo "2690"]
[WhiteFideId "2021285"]
[BlackFideId "25059530"]
[EventDate "2023.02.06"]

1. Nf3 Nf6 2. c4 c5 3. Nc3 Nc6 4. d4 cxd4 5. Nxd4 e6 6. a3 Be7 7. e4 O-O 8. Nb3
b6 9. Be2 Bb7 10. O-O Rc8 11. Bf4 d6 12. Rc1 Qd7 13. Qc2 Ne5 14. Nd2 Qc6 15.
Rfd1 Rfd8 16. Qb1 Ng6 17. Bg3 Qe8 18. b4 a6 19. Nb3 Qc6 20. Nd4 Qe8 21. Nb3 Qc6
22. f3 Qe8 23. Bf2 Nd7 24. Na4 Rb8 25. Bf1 Ba8 26. Nc3 Nde5 27. Nd2 Bg5 28. Rc2
Rdc8 29. Qb3 h6 30. Na4 Qc6 31. Nb2 d5 32. exd5 exd5 33. c5 bxc5 34. Rxc5 Qf6
35. Na4 Re8 36. Nc3 Nf4 37. Bd4 Qg6 38. Bxe5 Rxe5 39. Kh1 Rbe8 40. Qb1 Qxb1 41.
Rxb1 Ne6 42. Nc4 Nxc5 43. Nxe5 d4 44. bxc5 dxc3 45. Bd3 g6 46. Nc4 Rc8 47. Nb6
Rd8 48. Bc2 Bc6 49. Nc4 Rd5 50. Nd6 Rxc5 51. Rb8+ Kg7 52. Rc8 Be7 53. Ne4 Bxe4
54. Rxc5 Bxc5 55. fxe4 Bxa3 0-1

[Event "Airthings Masters Div 3 W"]
[Site "chess.com INT"]
[Date "2023.02.07"]
[Round "4.1"]
[White "Sevian, Samuel"]
[Black "Bortnyk, Olexandr"]
[Result "1-0"]
[WhiteTitle "GM"]
[BlackTitle "GM"]
[WhiteElo "2687"]
[BlackElo "2605"]
[WhiteFideId "2040506"]
[BlackFideId "14120828"]
[EventDate "2023.02.06"]

1. e4 d6 2. d4 Nf6 3. Nc3 e5 4. Nf3 Nbd7 5. Bc4 Be7 6. a4 c6 7. O-O Qc7 8. Re1
O-O 9. h3 h6 10. b3 Re8 11. Ba3 a6 12. Bb2 b6 13. d5 c5 14. Nd2 Nf8 15. Bf1 Ng6
16. g3 Bd7 17. h4 Qb7 18. Qe2 Reb8 19. Nc4 b5 20. Na5 Qc8 21. Nc6 Bxc6 22. dxc6
Qxc6 23. axb5 axb5 24. Rxa8 Qxa8 25. Nxb5 Nf8 26. Nc3 Ne6 27. Qd1 Nd4 28. Bc4
Qa5 29. Qd3 d5 30. exd5 e4 31. Rxe4 Nxe4 32. Nxe4 Qb6 33. Kg2 Rd8 34. d6 Bf8 35.
Bxd4 cxd4 36. Qf3 Qa7 37. g4 Bxd6 38. g5 Qe7 39. g6 Qe5 40. Ng3 Qf4 41. gxf7+
Kf8 42. Qh5 Qf6 43. Nf5 Be5 44. Qg4 Qc6+ 45. Qf3 Qg6+ 46. Kf1 Qf6 47. h5 Qg5 48.
Qe4 Qc1+ 49. Kg2 Qg5+ 50. Kf1 Qc1+ 51. Ke2 Bf6 52. Ng3 Qg5 53. Qh7 Ke7 54. Kf1
Qc1+ 55. Kg2 Qg5 56. Qg6 Rc8 57. Qxg5 Bxg5 58. Nf5+ Kf8 59. Nxd4 Rxc4 60. bxc4
Kxf7 61. c5 Bf6 62. c3 Be5 63. Kf3 g6 64. hxg6+ Kxg6 65. c6 Kf6 66. Nb5 Ke6 67.
Kg4 Bf6 68. c4 Be7 69. f4 Bc5 70. Kh5 Be3 71. c7 Kd7 72. f5 Bg5 73. Kg6 Kc8 74.
f6 Bxf6 75. Kxf6 h5 76. Kg5 h4 77. Kxh4 1-0

[Event "Airthings Masters Div 3 W"]
[Site "chess.com INT"]
[Date "2023.02.07"]
[Round "4.2"]
[White "Bortnyk, Olexandr"]
[Black "Sevian, Samuel"]
[Result "1/2-1/2"]
[WhiteTitle "GM"]
[BlackTitle "GM"]
[WhiteElo "2605"]
[BlackElo "2687"]
[WhiteFideId "14120828"]
[BlackFideId "2040506"]
[EventDate "2023.02.06"]

1. e4 e5 2. Nf3 Nc6 3. Bb5 a6 4. Ba4 Nf6 5. Nc3 Bc5 6. d3 O-O 7. Bxc6 dxc6 8.
Be3 Bd6 9. Qd2 Re8 10. h3 Nd7 11. Ne2 Nf8 12. Ng3 c5 13. a4 a5 14. O-O Ne6 15.
Qc3 Nd4 16. Kh2 Nxf3+ 17. gxf3 Qh4 18. Rh1 b6 19. Kg2 Rf8 20. Qd2 h6 21. Rag1 f5
22. exf5 Bxf5 23. Kf1 Kh7 24. Ne4 Rf7 25. Rg3 Raf8 26. Rhg1 c4 27. dxc4 Bxe4 28.
fxe4 Qxe4 29. Rg4 Qf3 30. R1g3 Qh1+ 31. Ke2 Bc5 32. Qd3+ Kh8 33. Bxc5 bxc5 34.
Rg2 Qc1 35. b3 Rf3 36. Qg6 R3f7 37. Qd3 Rf3 38. Qg6 R3f7 39. Qd3 1/2-1/2

[Event "Airthings Masters Div 3 W"]
[Site "chess.com INT"]
[Date "2023.02.08"]
[Round "5.1"]
[White "Praggnanandhaa, R"]
[Black "Sevian, Samuel"]
[Result "1/2-1/2"]
[WhiteTitle "GM"]
[BlackTitle "GM"]
[WhiteElo "2690"]
[BlackElo "2687"]
[WhiteFideId "25059530"]
[BlackFideId "2040506"]
[EventDate "2023.02.06"]

1. d4 Nf6 2. c4 e6 3. Nf3 d5 4. Nc3 Bb4 5. Bg5 h6 6. Bxf6 Qxf6 7. Qa4+ Nc6 8. e3
O-O 9. Rd1 Rd8 10. Qb3 Qg6 11. h3 dxc4 12. Bxc4 Bd6 13. Bd3 Qh5 14. Be2 Qa5 15.
O-O Bd7 16. Nd2 Qg5 17. Nde4 Qg6 18. Nxd6 cxd6 19. d5 exd5 20. Nxd5 Rab8 21. Qa3
Qg5 22. Nf4 Qc5 23. Rxd6 Qxa3 24. bxa3 Bf5 25. Rfd1 Kf8 26. Bf3 Rxd6 27. Rxd6
Rd8 28. Rxd8+ Nxd8 29. Kf1 Ke7 30. Ke1 Kd6 31. Ne2 Be6 32. Nc3 a6 33. Kd2 Nc6
34. a4 b6 35. Be2 a5 36. a3 Ne5 37. Nd1 Nd7 38. Bb5 Nc5 39. Kc3 f5 40. h4 g5 41.
hxg5 hxg5 42. f3 Bf7 43. Nb2 Bd5 44. Nd3 Nb7 45. Kd4 Nd8 46. e4 Ne6+ 47. Ke3
fxe4 48. fxe4 Bb3 49. Nb2 Kc5 50. Bd7 Nf8 51. Be8 Kd6 52. Nd3 Ne6 53. Bf7 Bxa4
54. Bxe6 Kxe6 55. Kd4 Bc6 56. g3 Kd6 57. Ne5 Be8 58. Nf3 g4 59. Ne5 b5 60. Nxg4
Bc6 61. Ne5 Bb7 62. Nd3 Bc8 63. Nc5 b4 64. axb4 axb4 65. e5+ Kc6 66. Kc4 b3 67.
Na4 Be6+ 68. Kd4 Kb5 69. Nb2 Kb4 70. Nd3+ Kb5 71. Kc3 Kc6 72. Nf4 Bg8 73. g4 Kd7
74. Nd3 Ke6 75. Kd4 Kf7 76. Kc3 Ke6 77. Kxb3 Bh7 78. Kc3 Bxd3 79. Kxd3 Kxe5 80.
Ke3 Kf6 81. Kf4 Kg6 82. g5 Kg7 83. Kf5 Kf7 84. g6+ Kg7 85. Kg5 Kg8 86. Kf6 Kf8
87. g7+ Kg8 88. Kg6 1/2-1/2

[Event "Airthings Masters Div 3 W"]
[Site "chess.com INT"]
[Date "2023.02.08"]
[Round "5.2"]
[White "Sevian, Samuel"]
[Black "Praggnanandhaa, R"]
[Result "1/2-1/2"]
[WhiteTitle "GM"]
[BlackTitle "GM"]
[WhiteElo "2687"]
[BlackElo "2690"]
[WhiteFideId "2040506"]
[BlackFideId "25059530"]
[EventDate "2023.02.06"]

1. e4 e5 2. Nf3 Nc6 3. Bc4 Bc5 4. c3 Nf6 5. d3 d6 6. O-O a6 7. a4 Ba7 8. Nbd2
O-O 9. h3 Ne7 10. Re1 h6 11. Nf1 Ng6 12. Ng3 b5 13. Bb3 Bb7 14. d4 c5 15. Bc2
cxd4 16. cxd4 exd4 17. Nxd4 d5 18. exd5 Qxd5 19. Nf3 bxa4 20. Qxd5 Bxd5 21. Rxa4
Rfe8 22. Rxe8+ Rxe8 23. Rxa6 Bxf3 24. Rxa7 Re1+ 25. Kh2 Rxc1 26. Bxg6 fxg6 27.
gxf3 Rc2 28. Kg2 Rxb2 29. Ra8+ Kh7 30. Ra4 Nd5 31. h4 Rc2 32. Rd4 Ne3+ 33. Kg1
Rc1+ 34. Kh2 Nf1+ 1/2-1/2

[Event "Airthings Masters Div 3 W"]
[Site "chess.com INT"]
[Date "2023.02.08"]
[Round "5.3"]
[White "Praggnanandhaa, R"]
[Black "Sevian, Samuel"]
[Result "0-1"]
[WhiteTitle "GM"]
[BlackTitle "GM"]
[WhiteElo "2690"]
[BlackElo "2687"]
[WhiteFideId "25059530"]
[BlackFideId "2040506"]
[EventDate "2023.02.06"]

1. d4 Nf6 2. c4 e6 3. Nc3 Bb4 4. a3 Bxc3+ 5. bxc3 c5 6. e3 Nc6 7. Bd3 d5 8. cxd5
exd5 9. Ne2 O-O 10. O-O Re8 11. dxc5 Qa5 12. c4 dxc4 13. Bxc4 Qxc5 14. Qb3 Ne5
15. Bb5 Be6 16. Qb1 Rec8 17. Nf4 Bc4 18. Bxc4 Nxc4 19. Qxb7 Rab8 20. Qf3 Qb5 21.
a4 Qb3 22. Ne2 Qd3 23. h3 Ne5 24. Qg3 Nc4 25. Nd4 Qe4 26. Ba3 Qg6 27. Bd6 Rb2
28. Bf4 Ne4 29. Qxg6 hxg6 30. f3 Nc5 31. Rfc1 Nd3 32. Rc3 Nxf4 33. exf4 Nb6 34.
Rxc8+ Nxc8 35. Nc6 Rc2 36. Ne5 Ne7 37. Rd1 f6 38. Rd8+ Kh7 39. Nf7 Rc8 40. Rd7
Nf5 41. Rxa7 Rc1+ 42. Kh2 Kg8 43. Nd8 Rc2 44. Ne6 Nh4 45. Rxg7+ Kh8 46. f5 g5
47. Kg1 Rxg2+ 48. Kf1 Rd2 49. Rc7 Nxf3 50. Rc3 Nh4 51. Ra3 Nxf5 52. a5 Rd6 53.
Nc5 Ne7 54. a6 Rd8 55. Ne6 Ra8 56. Nc7 Ra7 57. Nb5 Ra8 58. Ke2 Nc6 59. a7 Kg7
60. Ra6 Re8+ 61. Kf2 Nxa7 62. Rxa7+ Kg6 63. Nd4 Rd8 64. Nf3 Rb8 65. Ra6 Rb2+ 66.
Kg3 Rb3 67. Kg2 Rb2+ 68. Kg3 Rb3 69. Rc6 Ra3 70. Kf2 Ra2+ 71. Ke3 Ra3+ 72. Ke4
Ra4+ 73. Kd5 Ra3 74. Ne5+ Kf5 75. Nc4 Rxh3 76. Nd6+ Kg6 77. Ne4 Rf3 78. Rc8 g4
79. Rg8+ Kf7 80. Rxg4 Rd3+ 81. Kc4 Rd1 82. Rf4 Ke6 83. Nc5+ Kf7 84. Re4 Rc1+ 85.
Kb5 Rd1 86. Rb4 Kg6 87. Kc6 f5 88. Rb7 Kf6 89. Rb6 Kg5 90. Kc7 f4 91. Ne6+ Kf5
92. Ng7+ Kg4 93. Ne6 f3 94. Rb4+ Kg3 95. Ng5 f2 96. Ne4+ Kf3 97. Nxf2 Kxf2 98.
Rb6 Rc1+ 99. Kb7 Rh1 100. Rb1 Ke3 0-1

[Event "Airthings Masters Div 3 W"]
[Site "chess.com INT"]
[Date "2023.02.09"]
[Round "6.1"]
[White "Sevian, Samuel"]
[Black "Praggnanandhaa, R"]
[Result "0-1"]
[WhiteTitle "GM"]
[BlackTitle "GM"]
[WhiteElo "2687"]
[BlackElo "2690"]
[WhiteFideId "2040506"]
[BlackFideId "25059530"]
[EventDate "2023.02.06"]

1. e4 c5 2. Nf3 e6 3. d4 cxd4 4. Nxd4 Nf6 5. Nc3 Nc6 6. Nxc6 bxc6 7. e5 Nd5 8.
Ne4 Qc7 9. f4 Qb6 10. c4 Bb4+ 11. Ke2 f5 12. Nf2 Ba6 13. Kf3 Ne7 14. Be3 Bc5 15.
Bxc5 Qxc5 16. Qa4 Qb6 17. Qa3 c5 18. h4 Nc6 19. Rd1 Nd4+ 20. Kg3 Bb7 21. b4 Qc6
22. Qd3 d6 23. exd6 O-O 24. bxc5 e5 25. fxe5 Ne6 26. Qf3 Qxc5 27. Rd5 Bxd5 28.
Qxd5 f4+ 29. Kh2 Qxf2 30. Qxe6+ Kh8 31. Qg4 Qd4 32. Be2 Qxe5 33. Bf3 Rac8 34.
Rd1 Rxc4 35. Rd5 Qf6 36. d7 Rd4 37. Rc5 Rd8 38. Rc8 g6 39. h5 Kg7 40. Bc6 f3 41.
Qxf3 Rh4+ 42. Kg1 Qd4+ 43. Kf1 Rh1+ 44. Ke2 Qd1+ 45. Ke3 Re1+ 46. Kf4 Qd6+ 47.
Kg4 gxh5+ 48. Kg5 h6+ 49. Kxh5 Qg6+ 50. Kh4 Rh1+ 0-1

[Event "Airthings Masters Div 3 W"]
[Site "chess.com INT"]
[Date "2023.02.09"]
[Round "6.2"]
[White "Praggnanandhaa, R"]
[Black "Sevian, Samuel"]
[Result "0-1"]
[WhiteTitle "GM"]
[BlackTitle "GM"]
[WhiteElo "2690"]
[BlackElo "2687"]
[WhiteFideId "25059530"]
[BlackFideId "2040506"]
[EventDate "2023.02.06"]

1. d4 Nf6 2. c4 e6 3. Nc3 Bb4 4. e3 O-O 5. Bd3 d5 6. cxd5 exd5 7. Ne2 Re8 8. Bd2
Bd6 9. Qc2 a6 10. O-O Nbd7 11. Rad1 b6 12. a3 c5 13. dxc5 bxc5 14. Na4 g6 15. b3
Bb7 16. h3 Ne5 17. Bc3 Rc8 18. Qb1 d4 19. exd4 Nf3+ 20. gxf3 Nh5 21. Qc1 Qh4 22.
d5 Qxh3 23. f4 Rxe2 24. Be5 Rxe5 0-1

[Event "Airthings Masters Div 3 W"]
[Site "chess.com INT"]
[Date "2023.02.09"]
[Round "6.3"]
[White "Sevian, Samuel"]
[Black "Praggnanandhaa, R"]
[Result "1/2-1/2"]
[WhiteTitle "GM"]
[BlackTitle "GM"]
[WhiteElo "2687"]
[BlackElo "2690"]
[WhiteFideId "2040506"]
[BlackFideId "25059530"]
[EventDate "2023.02.06"]

1. e4 c5 2. Nf3 Nc6 3. d4 cxd4 4. Nxd4 Nf6 5. Nc3 e5 6. Ndb5 d6 7. Bg5 a6 8. Na3
b5 9. Nd5 Be7 10. Bxf6 Bxf6 11. c4 b4 12. Nc2 O-O 13. g3 a5 14. Bg2 g6 15. O-O
Bg7 16. Qd2 Be6 17. Rfd1 Qb8 18. b3 Ra7 19. h4 h5 20. Qe3 Nd4 21. Nxd4 exd4 22.
Qd3 Bxd5 23. exd5 a4 24. Re1 Re8 25. Bf3 Bf6 26. Kf1 Kg7 27. Kg2 Qa8 28. Rxe8
Qxe8 29. Rd1 axb3 30. axb3 Ra3 31. Kf1 Qa8 32. Kg2 Qa7 33. Kf1 Qc5 34. Kg2 Ra8
35. Kf1 Qa7 36. Rb1 Qa2 37. Bd1 Qa7 38. Bf3 Qc5 39. Rd1 Ra7 40. Kg2 Ra3 41. Kf1
Qa7 42. Kg2 Bd8 43. Kf1 Bb6 44. Kg2 Bc5 45. Re1 Ra2 46. Bxh5 gxh5 47. Qf5 f6 48.
Qxh5 Qf7 49. Qg4+ Kh7 50. Qf5+ Kg7 51. Qg4+ Kh7 52. Qf5+ Kg7 53. Qg4+ 1/2-1/2

[Event "Airthings Masters Div 3 W"]
[Site "chess.com INT"]
[Date "2023.02.09"]
[Round "6.4"]
[White "Praggnanandhaa, R"]
[Black "Sevian, Samuel"]
[Result "0-1"]
[WhiteTitle "GM"]
[BlackTitle "GM"]
[WhiteElo "2690"]
[BlackElo "2687"]
[WhiteFideId "25059530"]
[BlackFideId "2040506"]
[EventDate "2023.02.06"]

1. e4 e5 2. Nf3 Nc6 3. Bc4 Bc5 4. d3 Nf6 5. c3 d6 6. O-O a5 7. Re1 Ba7 8. Nbd2
O-O 9. h3 h6 10. Nf1 Be6 11. Bb5 Ne7 12. Ng3 c6 13. Ba4 Ng6 14. d4 exd4 15. cxd4
d5 16. e5 Ne4 17. Nxe4 dxe4 18. Rxe4 Bd5 19. Rg4 h5 20. Rg5 Bxf3 21. Qxf3 Qxd4
22. Bb3 a4 23. Rxg6 axb3 24. Rg3 Qxe5 25. Bh6 g6 26. Qxb3 h4 27. Rxg6+ Kh7 28.
Bxf8 Kxg6 29. Qxb7 Bxf2+ 30. Kxf2 Qd4+ 31. Kf1 Ra5 32. Qxc6+ f6 33. Qe8+ Kg5 34.
Bc5 Rxc5 35. Qg8+ Kh6 36. Qg4 Qxb2 37. Qxh4+ Kg6 38. Qg4+ Rg5 0-1